000 01468nam0a2200325 4500
001 RU\NLR\bibl\910037
005 20260406043911.0
021 _aRU
_b2005-88356
_94368
035 _a(NLR Aleph) 000898389
090 _a1762086
_c1762086
100 _a20060226d2005 |||y0rusy50 ca
101 0 _arus
102 _aRU
105 _aa |||||||||
200 1 _aМиграционные процессы в сети сельских поселений РФ в 1995-2004 годы
_fБорзунова Т.И., Гришанова А.Г., Макарова Л.В. [и др.]
_gРос. акад. наук, Ин-т соц.-полит. исслед.
210 _aМосква
_cИнститут социально-политических исследований
_d2005
215 _a35 с.
_d21
606 1 _aСельское население
_xМиграция
_yРоссийская Федерация
_92416784
_3RU\NLR\auth\661439554
606 1 _aСельские поселения
_yРоссийская Федерация
_92416769
_3RU\NLR\auth\661439546
686 _aУ04(2)25
686 _aС73(2)74-25
686 _aС73(2)74-212
701 1 _4070
_8rus
_7ca
_aБорзунова
_bТ. И.
_gТатьяна Ивановна
_3RU\NLR\auth\773876
_9113865
701 1 _aГришанова
_bА. Г.
_4070
701 1 _aМакарова
_bГ. Ф.
_4070
801 0 _aRU
_bNLR
_c20060226
_grcr
801 1 _aRU
_bNLR
_c20060226
942 _cBOOK
980 _aNB